| 000 | 00000nam##2200000za#4500 |
| 001 | 9.608725 |
| 003 | CaOODSP |
| 005 | 20200327164726 |
| 007 | ta |
| 008 | 150406|1993||||xxc||||| f|0| 0 eng|d |
| 020 | |a0-662-20380-1 |
| 022 | |a1188-8903 |
| 040 | |aCaOODSP|beng |
| 043 | |an-cn--- |
| 086 | 1 |aEn1-17/4-1993E |
| 110 | 1 |aCanada.|bEnvironment Canada. |bEnvironmental Protection. |
| 245 | 10|aSludge management in the pulp and paper industry |
| 260 | |aMontreal - Quebec : |bEnvironment Canada. |c1993. |
| 300 | |a6p. : |bcoloured figs., tables ; |c28 cm. |
| 490 | 1 |aSt. Lawrence technologies |x1188-8903 |
| 500 | |a"This data sheet is based on the results of a study carried out by H. A. Simons Ltd., with financial support from the St. Lawrence Centre, the Québec Association of Forest Industries Ltd. and the ministère de l'Environnement du Québec."--Page 5. "The objectives of the study were: to assess the impact of the new regulations on the amount and type of sludge produced by the pulp and paper industry; to list sludge disposal options as an alternative to landfilling; to identify the industry's technological and management needs."--Page 1. N.B.: Incorrect ISBN (0-662-20383-6) printed in this publication. |
| 520 | 3 |aThis data sheet is based on the results of a study carried out by H. A. Simons Ltd., with financial support from the St. Lawrence Centre, the Québec Association of Forest Industries Ltd. and the ministère de l'Environnement du Québec.--Page 5 The objectives of the study were: to assess the impact of the new regulations on the amount and type of sludge produced by the pulp and paper industry; to list sludge disposal options as an alternative to landfilling; to identify the industry's technological and management needs.--Page 1 |
| 563 | |aPamphlet |
| 690 | 07|aPulp and paper industry|2gcpds |
| 690 | 07|aWaste management|2gcpds |
| 775 | 08|tLa gestion des boues dans l'industrie papetière |w(CaOODSP)9.620751 |
| 776 | 0#|tIndustrial wastewater. Sludge management in the pulp and paper industry |w(CaOODSP)9.571179 |
| 830 | #0|aSt. Lawrence technologies,|x1188-8903|w(CaOODSP)9.514532 |